00282nam a2200109Ia 4500008004000000082001500040100002000055245003500075260003100110300000800141650002300149210210b1972 xxu||||| |||| 00| 0 eng d a332.4 PATS aPATINKIN (Don). aStudies in monetary economics. aLondonbHarper & Rowc1972 a262 aMonetary economics